[Event "Ambelokipi op 172nd"]
[Site "Athens"]
[Date "2019.03.13"]
[Round "2"]
[White "Ioannidis, Efklidis"]
[Black "Delithanasis, Dimitrios"]
[Result "0-1"]
[WhiteElo "1529"]
[BlackElo "1956"]
[PlyCount "61"]
[EventDate "2019.03.06"]
[EventType "swiss"]
[EventRounds "7"]
[EventCountry "GRE"]
[SourceTitle "EXT 2020"]
[Source "ChessBase"]
[SourceDate "2019.10.17"]
[SourceVersion "1"]
[SourceVersionDate "2019.10.17"]
[SourceQuality "1"]

1. e4 e5 2. Nf3 Nc6 3. Bb5 Nf6 4. 0-0 Nxe4 5. Re1 Nd6 6. Bxc6 dxc6 7. Nxe5 Be7 8. b3 0-0 9. Bb2 Nf5 10. d4 Bb4 11. Re4 Re8 12. a3 Bf8 13. Nd2 g6 14. Qf3 Be6 15. g4 Nh4 16. Qg3 f5 17. gxf5 Nxf5 18. Qd3 Nd6 19. Re3 Bf5 20. Qc3 Bh6 21. d5 Nb5 22. Nxc6 Nxc3 23. Nxd8 Rxe3 24. fxe3 Bxe3+ 25. Kg2 Bxd2 26. Nxb7 Be4+ 27. Kf2 Rf8+ 28. Kg3 Rf3+ 29. Kg4 h5+ 30. Kh4 Bf5 31. Rg1 0-1

[Event "Ambelokipi op 170th"]
[Site "Athens"]
[Date "2018.10.03"]
[Round "4"]
[White "Vlahos, Athanasios"]
[Black "Delithanasis, Dimitrios"]
[Result "0-1"]
[WhiteElo "1715"]
[BlackElo "1936"]
[PlyCount "40"]
[EventDate "2018.09.12"]
[EventType "swiss"]
[EventRounds "7"]
[EventCountry "GRE"]
[SourceTitle "EXT 2020"]
[Source "ChessBase"]
[SourceDate "2019.10.17"]
[SourceVersion "1"]
[SourceVersionDate "2019.10.17"]
[SourceQuality "1"]

1. e4 e5 2. Nf3 Nc6 3. Bb5 Nf6 4. d3 d6 5. h3 g6 6. Nc3 Bg7 7. Be3 Bd7 8. 0-0 a6 9. Bc4 Na5 10. Ng5 0-0 11. Bb3 Nxb3 12. axb3 Nh5 13. Nd5 f5 14. exf5 Rxf5 15. Ne4 Nf4 16. Nxf4 exf4 17. Bc1 f3 18. g4 Qh4 19. Kh2 Be5+ 20. Ng3 Rh5 0-1

[Event "Athens Siaperas Memorial 15th"]
[Site "Athens"]
[Date "2018.02.23"]
[Round "7"]
[White "Delithanasis, Dimitrios"]
[Black "Sitsanis, Nikolaos1111"]
[Result "1-0"]
[WhiteElo "1906"]
[BlackElo "1353"]
[PlyCount "69"]
[EventDate "2019.01.12"]
[EventType "swiss"]
[EventRounds "7"]
[EventCountry "GRE"]
[SourceTitle "EXT 2020"]
[Source "ChessBase"]
[SourceDate "2019.10.17"]
[SourceVersion "1"]
[SourceVersionDate "2019.10.17"]
[SourceQuality "1"]

1. c4 e5 2. Nc3 Nf6 3. Nf3 d6 4. e3 g6 5. d4 Nbd7 6. Be2 Bg7 7. 0-0 0-0 8. Qc2 Re8 9. Rd1 e4 10. Nd2 Qe7 11. b4 Nf8 12. a4 h5 13. Ba3 Bf5 14. a5 N8h7 15. b5 Qd7 16. c5 Red8 17. Nb3 Bf8 18. Bb4 h4 19. d5 h3 20. c6 bxc6 21. dxc6 Qc8 22. Nd4 hxg2 23. b6 axb6 24. axb6 cxb6 25. Rxa8 Qxa8 26. Qb2 Qb8 27. Ncb5 Ne8 28. Ra1 Nc7 29. Ra7 Nxb5 30. Nxb5 Qc8 31. c7 Rd7 32. Qa3 Qe8 33. Ra8 Qe5 34. c8Q Bh3 35. Qcc3 1-0

[Event "Ambelokipi op 166th"]
[Site "Athens"]
[Date "2017.12.13"]
[Round "7"]
[White "Delithanasis, Dimitrios"]
[Black "Rahmanidis, Petros"]
[Result "0-1"]
[WhiteElo "2000"]
[BlackElo "1986"]
[PlyCount "74"]
[EventDate "2017.11.01"]
[EventType "swiss"]
[EventRounds "7"]
[EventCountry "GRE"]
[SourceTitle "EXT 2024"]
[Source "ChessBase"]
[SourceDate "2023.10.10"]
[SourceVersion "1"]
[SourceVersionDate "2023.10.10"]
[SourceQuality "1"]

1. c4 Nf6 2. Nc3 g6 3. e4 d6 4. d4 Bg7 5. f3 0-0 6. Be3 c5 7. Nge2 Nc6 8. Qd2 Re8 9. Rd1 b6 10. b3 h5 11. h3 a6 12. g3 Rb8 13. Bg2 cxd4 14. Nxd4 Nxd4 15. Bxd4 b5 16. cxb5 axb5 17. 0-0 b4 18. Bxf6 Bxf6 19. Nd5 Bg7 20. Kh2 Qa5 21. a4 Ba6 22. Qg5 Kf8 23. Qf4 Bxf1 24. Bxf1 Qc5 25. Rd2 e6 26. Nf6 Bxf6 27. Qxf6 Qc3 28. Qf4 Qxb3 29. Rxd6 Qxa4 30. g4 hxg4 31. hxg4 b3 32. Rxe6 Rxe6 33. Qxb8+ Kg7 34. Kg3 Qa1 35. Bc4 b2 36. Bd3 Qg1+ 37. Kh4 Qb6 0-1

[Event "Ambelokipi op 166th"]
[Site "Athens"]
[Date "2017.11.29"]
[Round "5"]
[White "Sideris, Theodoros"]
[Black "Delithanasis, Dimitrios"]
[Result "1-0"]
[WhiteElo "1913"]
[BlackElo "2000"]
[PlyCount "92"]
[EventDate "2017.11.01"]
[EventType "swiss"]
[EventRounds "7"]
[EventCountry "GRE"]
[SourceTitle "EXT 2024"]
[Source "ChessBase"]
[SourceDate "2023.10.10"]
[SourceVersion "1"]
[SourceVersionDate "2023.10.10"]
[SourceQuality "1"]

1. e4 e6 2. d4 d5 3. Nc3 Bb4 4. e5 Qd7 5. Nf3 b6 6. a3 Bxc3+ 7. bxc3 Qa4 8. Ng5 h6 9. Nh3 Nd7 10. Nf4 Ne7 11. Bd3 c5 12. Rb1 cxd4 13. 0-0 Ba6 14. cxd4 Bxd3 15. Qxd3 Rc8 16. c3 Qc4 17. Bd2 Qxd3 18. Nxd3 Nc6 19. f4 Na5 20. f5 0-0 21. fxe6 fxe6 22. Nf4 Nc4 23. Bc1 Rfe8 24. h4 a5 25. a4 Nf8 26. Rf3 Re7 27. Rg3 Rf7 28. h5 Rf5 29. Ng6 Nxg6 30. Rxg6 Kf7 31. g4 Rf3 32. Kg2 Rxc3 33. Bxh6 Ne3+ 34. Bxe3 Rxe3 35. Rf1+ Kg8 36. Rxe6 Rc2+ 37. Rf2 Rc4 38. g5 Kh7 39. Rxb6 Rxd4 40. Rg6 Rg4+ 41. Kf1 Ree4 42. e6 d4 43. Rf7 Rgf4+ 44. Rxf4 Rxf4+ 45. Ke2 Re4+ 46. Kd3 Re5 1-0

[Event "Athens ChessSquare Autumn op"]
[Site "Athens"]
[Date "2017.10.22"]
[Round "6"]
[White "Sideris, Theodoros"]
[Black "Delithanasis, Dimitrios"]
[Result "1/2-1/2"]
[WhiteElo "1901"]
[BlackElo "2007"]
[PlyCount "80"]
[EventDate "2017.09.16"]
[EventType "swiss"]
[EventRounds "7"]
[EventCountry "GRE"]
[SourceTitle "EXT 2024"]
[Source "ChessBase"]
[SourceDate "2023.10.10"]
[SourceVersion "1"]
[SourceVersionDate "2023.10.10"]
[SourceQuality "1"]

1. e4 e5 2. Nf3 Nc6 3. d4 exd4 4. Nxd4 Qf6 5. Nb5 Bc5 6. Qf3 Bb4+ 7. c3 Ba5 8. Be3 Qxf3 9. gxf3 a6 10. N5a3 b5 11. b4 Bb6 12. Bxb6 cxb6 13. Nd2 Nge7 14. Nc2 d5 15. a4 bxa4 16. b5 axb5 17. Bxb5 Bd7 18. Bxa4 d4 19. Nc4 dxc3 20. Nxb6 Ra7 21. Ke2 0-0 22. Bxc6 Rxa1 23. Rxa1 Bxc6 24. Ra7 Bb5+ 25. Ke3 Nc8 26. Nxc8 Rxc8 27. Ra5 Bf1 28. Kd4 f6 29. Rc5 Rxc5 30. Kxc5 Be2 31. Kd4 Bxf3 32. Ne1 Kf7 33. Kd3 Bh1 34. f3 g5 35. Kxc3 g4 36. fxg4 Bxe4 37. Kd4 Bh1 38. Ke3 Kg6 39. Kf4 h5 40. gxh5+ Kxh5 1/2-1/2

[Event "Athens Georgiou op 1st"]
[Site "Athens"]
[Date "2017.09.10"]
[Round "8"]
[White "Delithanasis, Dimitrios"]
[Black "Galunova, Tsveta"]
[Result "1-0"]
[WhiteElo "2007"]
[BlackElo "2208"]
[PlyCount "51"]
[EventDate "2017.09.04"]
[EventType "swiss"]
[EventRounds "9"]
[EventCountry "GRE"]
[SourceTitle "CBM 180 Extra"]
[Source "ChessBase"]
[SourceDate "2017.10.06"]
[SourceVersion "1"]
[SourceVersionDate "2017.10.06"]
[SourceQuality "1"]

1. c4 c5 2. Nf3 Nf6 3. Nc3 d5 4. cxd5 Nxd5 5. e3 Nc6 6. d4 e6 7. Bc4 cxd4 8. exd4 Bb4 9. Bd2 0-0 10. Qc2 b6 11. 0-0-0 Bb7 12. Qe4 Nxc3 13. bxc3 Na5 14. Qd3 Ba3+ 15. Kb1 Nxc4 16. Qxc4 Bd5 17. Qd3 b5 18. Ng5 f5 19. c4 bxc4 20. Qxa3 Rb8+ 21. Ka1 Bxg2 22. Rhe1 Qxd4+ 23. Bc3 Qxf2 24. Qe7 Rb7 25. Qxe6+ Kh8 26. Qh6 1-0